Doña María Cristina de Habsburgo y Lorena (Registro nro. 439)

Detalles MARC
000 -CABECERA
Longitud fija campo de control 00747nam a22002171 4500
001 - NÚMERO DE CONTROL
Número de control bimo0001389507
003 - IDENTIFICADOR DELl NÚMERO DE CONTROL
Identificador del número de control OSt
005 - FECHA Y HORA DE LA ÚLTIMA TRANSACCIÓN
Fecha y hora de la última transacción 20140830213003.0
008 - CÓDIGOS DE INFORMACIÓN DE LONGITUD FIJA
Códigos de información de longitud fija 960922s1964 sp spa
035 ## - NÚMERO DE CONTROL DEL SISTEMA
Número de control del sistema (OCoLC)432992666
040 ## - FUENTE DE LA CATALOGACIÓN
Centro catalogador de origen SpMaBN
Centro transcriptor BMC
082 ## - NÚMERO DE LA CLASIFICACIÓN DECIMAL DEWEY
Númeroo de clasificación 920 María Cristina de Habsburgo
100 ## - PUNTO DE ACCESO PRINCIPAL-NOMBRE DE PERSONA
9 (RLIN) 529
Nombre de persona Romanones, Álvaro de Figueroa y Torres
Títulos y otros términos asociados al nombre Conde de
Fechas asociadas al nombre 1863-1950
245 10 - MENCIÓN DE TÍTULO
Título Doña María Cristina de Habsburgo y Lorena
Resto del título : la discreta regente de España
Mención de responsabilidad, etc. Conde de Romanones
250 ## - MENCIÓN DE EDICIÓN
Mención de edición 3ª ed
260 0# - PUBLICACIÓN, DISTRIBUCIÓN, ETC. (PIE DE IMPRENTA)
Lugar de publicación, distribución, etc. Madrid
Nombre del editor, distribuidor, etc. Espasa Calpe
Fecha de publicación, distribución, etc. 1964
300 ## - DESCRIPCIÓN FÍSICA
Extensión 161 p.
Dimensiones 18 cm
490 0# - MENCIÓN DE SERIE
Mención de serie Austral
Designación de volumen o secuencia 770
600 ## - PUNTO DE ACCESO ADICIONAL DE MATERIA - NOMBRE DE PERSONA
9 (RLIN) 532
Nombre de persona María Cristina de Habsburgo-Lorena
Títulos y otros títulos asociados al nombre (R ) Reina consorte de Alfonso XII, Rey de España
Fechas asociadas al nombre 1858-1929
942 ## - ENTRADA DE ELEMENTOS AGREGADOS (KOHA)
Fuente de clasificaión o esquema Dewey Decimal Classification
Koha [por defecto] tipo de item 1- Monografias
Existencias
Suprimido Perdido Fuente de clasificación o esquema Estropeado Restricciones de uso No para préstamo Código de colección Localización permanente Localización actual Localización en estanter&íacute;as Fecha adquisición Fuente de adquisición Número de inventario Préstamos totales Signatura completa Código de barras Fecha última consulta Fecha último préstamo Coste, precio reemplazado Fecha del precio de reemplazo Tipo de item de Koha
NULL NULL Dewey Decimal Classification NULL Prestable NULL NULL Biblioteca Miguel de Cervantes - UNICAES Biblioteca Miguel de Cervantes - UNICAES Sala Principal 17/07/1998 Donación - Marco René Revelo 000448 1 920 ROM doñ 1000448 03/04/2017 31/03/2017 14.84 16/05/2013 1- Monografias